1982 FIFA World Cup Team Logos - Statistics

General Stats
  • This quiz has been taken 65 times
  • The average score is 21 of 24
Answer Stats
Picture Answer % Correct
Belgium
100%
England
100%
France
100%
Argentina
98%
Italy
98%
Spain
98%
Austria
97%
Hungary
97%
West Germany
97%
Soviet Union
95%
Cameroon
91%
Peru
91%
Poland
91%
Honduras
90%
Scotland
88%
Brazil
84%
New Zealand
81%
Northern Ireland
78%
El Salvador
74%
Yugoslavia
71%
Kuwait
67%
Chile
66%
Czechoslovakia
66%
Algeria
48%
No matching quizzes found
Score Distribution
Percent of People with Each Score
Percentile by Number Answered
Your Score History
You have not taken this quiz